|
|
|
|
| LEADER |
00000nab a2200000 a 4500 |
| 001 |
vtls000440480 |
| 003 |
SK-MaSNL |
| 005 |
20260426095357.0 |
| 008 |
250424c1989 xo 0 slo |
| 015 |
|
|
|a SNBRA19rr/mm-uuuuu
|
| 035 |
|
|
|a CL0440610
|
| 035 |
|
|
|a urn:nbn:sk:snk-abaml8
|
| 035 |
|
|
|a (urnnbn)urn:nbn:sk:snk:ar-008kuj
|
| 035 |
|
|
|a (uuid)90a7d958-dd29-4ca9-a69d-024412911318
|
| 040 |
|
|
|a SNKBUCL
|b slo
|c SNKBUCL
|e AACR2
|
| 041 |
0 |
|
|a eng
|
| 044 |
|
|
|a xo
|c SK
|
| 080 |
|
|
|a 801.441:808.54:802.0
|2 1981
|
| 080 |
|
|
|a 808.54
|2 1981
|
| 080 |
|
|
|a 802.0
|2 1981
|
| 100 |
1 |
|
|a Vachek, Josef,
|d 1909-1996
|4 aut
|9 82128
|
| 245 |
1 |
0 |
|a Some remarks on English and Slovak vocalic systems (a chapter from Comparative Phonology of English and Slovak)
|c Josef Vachek ; Jozef Vachek
|
| 300 |
|
|
|b Res. češ., lit. 12 zázn. v slov., češ., nem., angl., franc.
|
| 650 |
0 |
7 |
|a slovenčina
|2 snkbucl
|9 1350
|
| 650 |
0 |
7 |
|a angličtina
|2 snkbucl
|9 1260
|
| 650 |
0 |
7 |
|a komparatívna fonológia
|2 snkbucl
|9 255529
|
| 650 |
0 |
7 |
|a samohlásky
|2 snkbucl
|9 19943
|
| 655 |
|
7 |
|a články zo zborníkov
|2 snkbucl
|9 166140
|
| 700 |
1 |
|
|a Vachek, Josef,
|d 1909-1996
|4 aut
|9 82128
|
| 773 |
0 |
|
|t Zborník Filozofickej fakulty Univerzity Komenského. Philologica 35/1985
|d Bratislava : SPN, 1989
|g S. 69-76
|
| 850 |
|
|
|a Slovenská národná knižnica
|
| 852 |
|
|
|a Slovenská národná knižnica
|
| 958 |
|
|
|a article14
|
| 958 |
|
|
|a RK
|
| 958 |
|
|
|a NB
|
| 958 |
|
|
|a OND
|
| 958 |
|
|
|a EUIPO
|
| 992 |
|
|
|a RZB
|
| 999 |
|
|
|c 3163397
|d 3165327
|